| 000 | 01157nam a2200301 c 4500 | ||
|---|---|---|---|
| 003 | BLK | ||
| 005 | 20180422120709.0 | ||
| 008 | 180411b bul|||||r ||||||| ||bul|| | ||
| 010 | _aKNG00214546000 | ||
| 040 | _aBLK | ||
| 041 |
_aBUL _cBUL |
||
| 080 |
_aВоенна история - Военни походи, битки, героични подвизи. Вж и 93/99 _b355.48 _x(497.2)(092) _z355.48(497.2)(092) |
||
| 080 |
_aБиографии _b929 _x _z929 |
||
| 100 | 1 |
_aКамбуров, Георги _eпърви автор _9385247 |
|
| 139 |
_aКамбуров, Георги _bК 22 |
||
| 245 | 1 | 0 |
_aГенерал-лейтенант Асен Греков _bБиогр. _cГеорги Камбуров. |
| 257 | _aBGR | ||
| 260 |
_аСофия _bВоен. изд. _c1988 |
||
| 300 |
_a156 с., 8 л. _bил., портр., факс. _c21 см |
||
| 380 | _a3 | ||
| 490 | 1 | _aСтроители на Българска народна армия | |
| 600 | 1 | 4 |
_aГреков, Асен _9350539 |
| 852 | _aЦб 155540 | ||
| 856 | 4 |
_qpdf _u |
|
| 856 | 4 |
_qpdf _u |
|
| 942 |
_cKNG _n0 |
||
| 944 |
_aCR _c23.11.2017 _kНора_Радева |
||
| 944 |
_aED _c23.11.2017 _kНора_Радева |
||
| 999 |
_c204967 _d204967 |
||